Observations on the value of profits of trade (Record no. 114664)
[ view plain ]
| 000 -LEADER | |
|---|---|
| fixed length control field | 00687cam a22001935a 4500 |
| 001 - CONTROL NUMBER | |
| control field | L157234 |
| 008 - FIXED-LENGTH DATA ELEMENTS--GENERAL INFORMATION | |
| fixed length control field | 121002s1875 xxk f 000 0 eng d |
| 035 ## - SYSTEM CONTROL NUMBER | |
| System control number | (Sirsi) u157234 |
| 041 0# - LANGUAGE CODE | |
| Language code of text/sound track or separate title | eng |
| 100 1# - MAIN ENTRY--PERSONAL NAME | |
| Personal name | Hedley, Thomas Fenwick |
| 245 00 - TITLE STATEMENT | |
| Title | Observations on the value of profits of trade |
| Remainder of title | and the allowances for interest and tenants' profits, in rating railways, canals, docks, and gas and water works |
| 260 ## - PUBLICATION, DISTRIBUTION, ETC. | |
| Place of publication, distribution, etc. | Sunderland |
| Name of publisher, distributor, etc. | Printed by B. Williams |
| Date of publication, distribution, etc. | 1875 |
| 300 ## - PHYSICAL DESCRIPTION | |
| Extent | [410] p. |
| Dimensions | 21 cm. |
| 520 ## - SUMMARY, ETC. | |
| Summary, etc. | Contains a handwritten index. |
| 583 ## - ACTION NOTE | |
| Action | Condition reviewed |
| Time/date of action | 20120620 |
| Status | condition level |
| 651 #4 - SUBJECT ADDED ENTRY--GEOGRAPHIC NAME | |
| Geographic name | Great Britain |
| Chronological subdivision | 1707- |
| 690 ## - LOCAL SUBJECT ADDED ENTRY--TOPICAL TERM (OCLC, RLIN) | |
| Topical term or geographic name as entry element | Finance and taxation |
| 942 ## - ADDED ENTRY ELEMENTS (KOHA) | |
| Suppress in OPAC | 0 |
| Withdrawn status | Lost status | Damaged status | Not for loan | Home library | Current library | Shelving location | Date acquired | Total Checkouts | Full call number | Barcode | Date last seen | Copy number | Price effective from | Koha item type |
|---|---|---|---|---|---|---|---|---|---|---|---|---|---|---|
| Historic collection | Historic collection | Historic collection | 02/10/2012 | INFRASTRUCTURE OCTAVO 1875 HEDLEY | 30077058 | 27/08/2025 | 1 | 06/08/2019 | Book |